COURT OF APPEAL CIVIL APPEAL NO.001 OF 2011 Mubangizi Julius Vs Uganda Baati (Record no. 8491)
[ view plain ]
| 000 -LEADER | |
|---|---|
| fixed length control field | 00607nam a22001097a 4500 |
| 008 - FIXED-LENGTH DATA ELEMENTS--GENERAL INFORMATION | |
| fixed length control field | 160819b xxu||||| |||| 00| 0 eng d |
| 010 ## - LIBRARY OF CONGRESS CONTROL NUMBER | |
| Field link and sequence number | CACAF:66B |
| 245 ## - TITLE STATEMENT | |
| Title | COURT OF APPEAL CIVIL APPEAL NO.001 OF 2011 Mubangizi Julius Vs Uganda Baati |
| Remainder of title | Dismissal |
| 260 ## - PUBLICATION, DISTRIBUTION, ETC. (IMPRINT) | |
| Place of publication, distribution, etc | Court of Appeal Kampala |
| 500 ## - GENERAL NOTE | |
| Materials specified | (Arising from a ruling of Hon. Lady Justice Faith Mwondha in Miscellaneous Application No. 311 of 2009 delivered on 20th/11/2009 arising from Nakawa High Court Civil Suit No.37 of 2008) |
| 500 ## - GENERAL NOTE | |
| Materials specified | Coram: Hon Mr Justice Remmy Kasule, JA<br/>Hon Mr Justice Rubby Aweri Opio, JA<br/>Hon Mr Justice Richard Buteera, JA |
| Withdrawn status | Lost status | Source of classification or shelving scheme | Damaged status | Koha normalized classification for sorting | Not for loan | Location (home branch) | Sublocation or collection (holding branch) | Shelving location | Date acquired | Koha issues (times borrowed) | Koha full call number | Piece designation (barcode) | Koha date last seen | Price effective from | Koha item type | Public note |
|---|---|---|---|---|---|---|---|---|---|---|---|---|---|---|---|---|
| Dewey Decimal Classification | CACAF__66B | Law Development Centre Main Library | Law Development Centre Main Library | Law Reports | 08/19/2016 | CACAF: 66B | 030/2016 | 08/19/2016 | 08/19/2016 | Un Reported Cases | Judgement was entered on the 2nd day of June 2015 |
